La italiana: Catalina de Medicis

Uloženo v:
Podrobná bibliografie
Hlavní autor: Plaidy, Jean (Autor)
Médium: Kniha
Jazyk:španělština
Vydáno: Buenos Aires Guillermo Kraft Limitada 1955
Vydání:1a. ed
Edice:Colección Vértice
Témata:
Tagy: Přidat tag
Žádné tagy, Buďte první, kdo vytvoří štítek k tomuto záznamu!

MARC

LEADER 00000cam a2200000 a 4500
001 UCF8564
003 CL-VaPUC
008 130916e19550600ag |||||||||||||||||spa|d
082 0 4 |a 823.914  |b PLA  |2 21 
100 0 |a Plaidy, Jean  |e author  |9 570666 
245 1 3 |a La italiana: Catalina de Medicis 
250 |a 1a. ed 
300 |a 345 p 
942 |c BK 
945 |d 20130916 10:38:00  |a dcastane 
260 |a Buenos Aires  |b Guillermo Kraft Limitada  |c 1955 
600 0 7 |a MEDICIS, CATALINA DE  |2 CL-VaPUC  |9 513784 
650 0 |a Novelas históricas   |9 342315 
650 0 |a Historia de Italia  |9 362027 
583 |a last modification  |c 20130916 10:38:00  |k Rodrigo Vera 
490 0 |a Colección Vértice 
999 |c 353131  |d 353129 
952 |0 0  |1 0  |3 erb  |4 0  |6 823_914000000000000_PLA_1955  |7 0  |8 X  |9 458059  |a FDOBUD  |b FDOBUD  |d 2019-11-23  |i 4998499  |o 823.914 PLA 1955  |p 4998499  |r 2019-11-23  |w 2019-11-23  |y BK_X  |z Catalogado en:20130916  |k BUD